Traité historique et dogmatique des fètes principales et mobiles, et des temps de pénitence de l' église

Detalles Bibliográficos
Formato: Libro
Publicado: Lyon 1844
Materias:
Colección:Banco de datos
Acervo:Biblioteca Nacional de Antropología e Historia. Fondo Conventual
Descripción Física:t.XIII
Tema general:Homilética
Notas:Buena. XIX, 7, 13. En la anteportada y portada hay un ex libris grabado de José M.Chávez y Villaseñor de Morelia. Escrito por A. F.
LEADER 00793nam a22001930004500
035 |a 8420 
036 |a 3025 
245 1 0 |a Traité historique et dogmatique des fètes principales et mobiles, et des temps de pénitence de l' église 
260 |a Lyon  |b Antonio Perisse  |c 1844 
300 |a t.XIII 
500 |a Buena. XIX, 7, 13. En la anteportada y portada hay un ex libris grabado de José M.Chávez y Villaseñor de Morelia. Escrito por A. F. 
650 1 0 |a Homilética 
949 |a B.N.A.H. 
959 |a Biblioteca Nacional de Antropología e Historia. Ciudad de México  |b CCC1 
960 |a Seminario de Morelia  |b DD56 
961 |a Casa de formación del Clero Secular  |b CS 
942 |c B.N.A.H. 
943 |g Biblioteca Nacional de Antropología e Historia. Fondo Conventual 
999 |c 1032952  |d 1032952